[Event "Mlada Boleslav Region-ch U16"]
[Site "Mlada Boleslav"]
[Date "2017.06.24"]
[Round "3"]
[White "Lhotsky, Ftantisek"]
[Black "Harcuba, Adam"]
[Result "0-1"]
[WhiteElo "1248"]
[BlackElo "1550"]
[PlyCount "92"]
[EventDate "2017.06.24"]
[EventType "swiss"]
[EventRounds "7"]
[EventCountry "CZE"]
[SourceTitle "CBM 179 Extra"]
[Source "ChessBase"]
[SourceDate "2017.08.23"]
[SourceVersion "1"]
[SourceVersionDate "2017.08.23"]
[SourceQuality "1"]

1. e4 e5 2. Nf3 Nc6 3. Bb5 Bc5 4. 0-0 d6 5. h3 Nf6 6. Re1 0-0 7. c3 Bd7 8. Bf1 Re8 9. d3 h6 10. Be3 Bb6 11. Nbd2 d5 12. Bxb6 axb6 13. exd5 Nxd5 14. Nc4 Qf6 15. g3 b5 16. Ne3 Nxe3 17. Rxe3 Re7 18. Bg2 Rae8 19. Nd2 Qg6 20. Qb3 Na5 21. Qb4 b6 22. Rae1 c5 23. Qe4 Qd6 24. Qd5 Qxd5 25. Bxd5 Bc6 26. Bf3 Bxf3 27. Nxf3 Nc6 28. Kg2 f5 29. Nh4 f4 30. gxf4 exf4 31. Rxe7 Rxe7 32. Rxe7 Nxe7 33. Kf3 g5 34. Ng2 Kf7 35. h4 Kf6 36. hxg5+ hxg5 37. Kg4 Nc6 38. Ne1 Ne5+ 39. Kh3 g4+ 40. Kg2 c4 41. d4 Nd3 42. Kf1 Nxb2 43. Ke2 Kf5 44. f3 g3 45. Ng2 Nd3 46. a3 Nf2 0-1